Capacités apprises du Pokémon Éoko - Statistiques

Statistiques générales
  • Ce quiz a été pris 9 fois
  • Le résultat moyen est 7 sur 14
Statistiques - réponses
Niveau Capacité Puissance Précision PP Catégorie Type de quiz % Correct
Départ Choc Mental 50 100 25 Spécial ???
100%
Départ Ligotage 15 90 20 Physique Normal
83%
29 Bélier 90 ??? 20 Physique Normal
67%
42 Damoclès 120 100 15 Physique ???
67%
Départ Rugissement --- 100 ??? Statut Normal
67%
22 Extrasenseur 80 100 20 ??? Psy
50%
32 Brouhaha 90 100 10 ??? Normal
33%
Départ Étonnement ??? 100 15 Physique Spectre
33%
16 Force Ajoutée 20 ??? 10 Spécial Psy
33%
27 Glas de Soin --- --- 5 Statut Psy
33%
37 Rune Protect --- --- 25 ??? Normal
33%
47 Vibra Soin --- --- ??? Statut Psy
33%
13 Baîllement --- ---- 10 Statut Normal
17%
Départ Voeu Soin --- --- 10 Statut Psy
17%
Aucun quiz correspondant
Distribution des résultats
% des personnes avec chaque résultat
Percentile par nombre de réponses
Votre historique - résultats
Vous n’avez pas pris ce quiz